Digital Interface Design and Application. (Record no. 1202)

MARC details
005 - DATE AND TIME OF LATEST TRANSACTION
control field 20250408121231.0
020 ## - INTERNATIONAL STANDARD BOOK NUMBER
International Standard Book Number 978-1-118-97432-2
082 ## - DEWEY DECIMAL CLASSIFICATION NUMBER
Classification number 621.398 DEL
100 ## - MAIN ENTRY--PERSONAL NAME
Author name DELL, J. A.
245 ## - TITLE STATEMENT
Title Digital Interface Design and Application.
250 ## - EDITION STATEMENT
Edition statement 7th Ed.
260 ## - PUBLICATION, DISTRIBUTION, ETC.
Place of publication, distribution, etc. New York,
Name of publisher, distributor, etc. John Wiley &son,
Date of publication, distribution, etc. 2015.
300 ## - PHYSICAL DESCRIPTION
Extent xvi,187p.: Ill.; figures, table
Other physical details Index
Dimensions 23cm.
856 ## - ELECTRONIC LOCATION AND ACCESS
Link text Access Online Book
Electronic name Digital
Path www.wiley.com
942 ## - ADDED ENTRY ELEMENTS (KOHA)
Source of classification or shelving scheme Dewey Decimal Classification
Koha item type Books
Holdings
Date last seen Total checkouts Full call number Barcode Cost, replacement price Price effective from Koha item type Lost status Source of classification or shelving scheme Damaged status Not for loan Withdrawn status Home library Current library Shelving location Date acquired Cost, normal purchase price
04/08/2025   621.398 DEL 0000004732 330000.00 04/08/2025 Books   Dewey Decimal Classification       College of Business Education Main Library College of Business Education Main Library General Collection 04/08/2025 110000.00
04/08/2025   621.398 DEL 0000004733 330000.00 04/08/2025 Books   Dewey Decimal Classification       College of Business Education Main Library College of Business Education Main Library General Collection 04/08/2025 110000.00
04/08/2025   621.398 DEL 0000004734 330000.00 04/08/2025 Books   Dewey Decimal Classification       College of Business Education Main Library College of Business Education Main Library General Collection 04/08/2025 110000.00